| 000 | 00811nam a2200241 a 4500 | ||
|---|---|---|---|
| 001 | 17592 | ||
| 003 | BD-RjUL | ||
| 005 | 20211209000150.0 | ||
| 008 | 140217r19661965onc b 001 1 eng d | ||
| 035 | _a(BD-RjUL)17650 | ||
| 040 |
_aDLC _cWSU _dSER _dBD-RjUL _beng |
||
| 041 | _aeng | ||
| 082 | 0 | 0 |
_a810.9971 _bLIT 1966 |
| 245 | 0 | 0 |
_aLiterary history of Canada : _bCanadian literature in English / _cgeneral editor: Carl F. Klinck. |
| 260 |
_aToronto : _bUniversity of Toronto Press, _cc1965 [Reprinted 1966]. |
||
| 300 |
_axiv, 945 p. ; _c25 cm |
||
| 500 | _aIncludes index. | ||
| 504 | _a"Bibliography and notes": p. [853]-867 | ||
| 650 | 0 |
_aCanadian literature _xHistory and criticism. _954228 |
|
| 700 | 1 |
_aKlinck, Carl F. _q(Carl Frederick), _d1908-1990. _954229 |
|
| 942 |
_2ddc _cBK |
||
| 999 |
_c17592 _d17592 |
||